|
|
|
|
| LEADER |
00000nab#a22000007a#4500 |
| 001 |
arbauad031799 |
| 003 |
AR-BaUAD |
| 005 |
20250711112555.0 |
| 008 |
980629|||||||||###||||||b###|0###a|spa|| |
| 040 |
|
|
|a AR-BaUAD
|c AR-BaUAD
|b spa
|
| 100 |
|
|
|a Deneroff, Harvey
|
| 245 |
|
|
|a The smallest of the small is about to take it all /
|c Harvey Deneroff;
|
| 300 |
0 |
|
|b fot., il.
|
| 653 |
|
|
|a ANIMACION
|
| 653 |
|
|
|a ESTUDIOS PROFESIONALES
|
| 653 |
|
|
|a BELGICA
|
| 653 |
|
|
|a PAISES BAJOS
|
| 653 |
|
|
|a LUXEMBURGO
|
| 653 |
|
|
|a TELEVISION
|
| 653 |
|
|
|a SERIES
|
| 653 |
|
|
|a EUROPA
|
| 653 |
|
|
|a DIBUJOS ANIMADOS
|
| 653 |
|
|
|a TRANSIT
|
| 653 |
|
|
|a MAASLANDER
|
| 653 |
|
|
|a FIXET
|
| 653 |
|
|
|a NANOOK
|
| 653 |
|
|
|a PINGU
|
| 653 |
|
|
|a PAPYRUS
|
| 653 |
|
|
|a MOONKYS
|
| 653 |
|
|
|a PRUDENCE PETITPAS
|
| 653 |
|
|
|a KOLOBOK
|
| 653 |
|
|
|a BLACK THUNDER
|
| 773 |
0 |
|
|t ANIMATION MAGAZINE
|g no. 67 [mayo 1998], p. 21-24
|
| 942 |
|
|
|c ARTI
|
| 952 |
|
|
|0 0
|1 0
|4 0
|7 0
|9 76718
|a AR-BAuAD
|b AR-BAuAD
|d 2025-07-11
|l 0
|p AAQA031799
|r 2025-07-11 11:25:55
|w 2025-07-11
|y ARTI
|
| 990 |
|
|
|a C199
|b TD
|
| 998 |
|
|
|a AAQ
|b BIBUN76
|
| 999 |
|
|
|c 56391
|d 56391
|